000 00349nam a2200157Ia 4500
003 OSt
005 20240329102404.0
008 170524s9999 xx 000 0 und d
020 _a978-9353167325
040 _ciimtu meerut
100 _aKHAN- Y
100 _c2004
245 0 _aFINANCIAL SERVICES
260 _aTATA MC GRAW HILL
942 _2ddc
_c02
999 _c2199
_d2199